000 00530nam a22001337a 4500
040 _cRUA
082 _aFOR MEA 2005 B132 Or.1
100 _aMEAN, VEASNA
245 _aThe process and procedure of forest offence resolution, ដំណើរការ និងនីតិវិធីដោះស្រាយបទល្មើសព្រៃឈើ
260 _aPhnom Penh
_bRUA
_c2005
300 _aix; 65p.
_bill.
_c29cm.
856 _uhttps://drive.google.com/file/d/1tUXBm6ho-6sNywJt7cxjO-SLHU0UJlhx/view?usp=sharing
942 _cFOR
999 _c3372
_d3372